[Event "Wch Seniors 08th"]
[Site "Grieskirchen"]
[Date "1998.11.13"]
[Round "5"]
[White "Muehlbach, Johann"]
[Black "Tritschler, Jonas"]
[Result "1/2-1/2"]
[WhiteElo "1880"]
[BlackElo "1690"]
[PlyCount "92"]
[EventDate "1998.11.08"]
[EventType "swiss"]
[EventRounds "11"]
[EventCountry "AUT"]
[SourceTitle "CBM 067 Extra"]
[Source "ChessBase"]
[SourceDate "1999.01.01"]
[SourceVersion "1"]
[SourceVersionDate "1999.01.01"]
[SourceQuality "1"]

1. d4 Nf6 2. c4 g6 3. Nc3 d6 4. e4 Nbd7 5. f3 c6 6. Be3 e5 7. Nge2 Bg7 8. Qd2 0-0 9. 0-0-0 Qa5 10. Ng3 Nb6 11. d5 c5 12. h4 h5 13. Bg5 a6 14. Bd3 Bd7 15. Kb1 Na4 16. Nxa4 Qxd2 17. Bxd2 Bxa4 18. b3 Bd7 19. Ba5 Rfc8 20. Kc2 b5 21. Bd2 Rcb8 22. Rb1 a5 23. a3 b4 24. a4 Nh7 25. f4 exf4 26. Bxf4 Ra6 27. Rbf1 Re8 28. Ne2 Bg4 29. Rf2 Nf6 30. Ng3 Nd7 31. Ne2 Ne5 32. Bxe5 Bxe5 33. Rhf1 Ra7 34. Nf4 Kg7 35. g3 Rae7 36. Rh1 Bd4 37. Rff1 f6 38. Rh2 Re5 39. Nh3 Rf8 40. Rhh1 Rf7 41. Rh2 Bxh3 42. Rxh3 f5 43. exf5 gxf5 44. Rhh1 Be3 45. Rf3 Kg6 46. Rhf1 Bd4 1/2-1/2

[Event "Wch Seniors 08th"]
[Site "Grieskirchen"]
[Date "1998.11.12"]
[Round "4"]
[White "Franck, Rudolf"]
[Black "Muehlbach, Johann"]
[Result "1-0"]
[WhiteElo "2153"]
[BlackElo "1880"]
[PlyCount "72"]
[EventDate "1998.11.08"]
[EventType "swiss"]
[EventRounds "11"]
[EventCountry "AUT"]
[SourceTitle "CBM 067 Extra"]
[Source "ChessBase"]
[SourceDate "1999.01.01"]
[SourceVersion "1"]
[SourceVersionDate "1999.01.01"]
[SourceQuality "1"]

1. d4 Nf6 2. e3 d5 3. Bd3 e6 4. Nd2 Bd6 5. f4 Nbd7 6. Qf3 c5 7. c3 cxd4 8. exd4 0-0 9. Nh3 Re8 10. 0-0 Nf8 11. Qe2 a6 12. Nf3 N6d7 13. Be3 f5 14. Bf2 Nf6 15. Bh4 Be7 16. Bxf6 Bxf6 17. Ne5 Bd7 18. Rae1 Bxe5 19. Qxe5 Rc8 20. Ng5 Qb6 21. Qe2 Bb5 22. Bxb5 axb5 23. a3 Qc6 24. Qh5 Qd7 25. Re3 g6 26. Qe2 h6 27. Nf3 Qc6 28. Ne5 Qb6 29. Re1 Re7 30. Nd3 Qa6 31. Re5 Rg7 32. Nb4 Qb6 33. Nd3 Qc6 34. Nc5 Qc7 35. Nxe6 Nxe6 36. Rxe6 Kh7 1-0